| 000 | 00343nam a22001457a 4500 | ||
|---|---|---|---|
| 020 | _a93-85018-85-X | ||
| 082 |
_a894.812 _bKDO/P |
||
| 100 | _aKOOTTUMMEL, JOJI | ||
| 245 | _aPRAKASHA REKHAKAL | ||
| 260 |
_aTHIRUVANANTHAPURAM _bCHINTA PUBLISHERS _c2015 |
||
| 300 | _a96 | ||
| 520 | _aABOUT LIGHT | ||
| 650 | _aLIGHTS AND ITS PATH | ||
| 942 | _cBK | ||
| 999 |
_c5555 _d5555 |
||